000 00525nam a2200193Ia 4500
003 OSt
005 20221007083228.0
006 a|||||r|||| 00| 0
007 ta
008 221006b |||||||| |||| 00| 0 eng d
024 _a22,471
037 _cTheseses
040 _aFLL
_cFLL
_beng
041 _2eng
_aeng
100 _aSingh Makhan
_9700502
245 0 _aPolice and custodial violence (A study of police powers against suspects/arrested persons)
942 _cDIS
_2CC
999 _c1169310
_d1169310